000 00311nam a22001457a 4500
008 210309b ||||| |||| 00| 0 eng d
020 _a9781851686520
041 _aeng
080 _a2
082 _a2
100 _a24
101 _aTEO
245 _aThe Enlightenment Qur'an
_cElmarsafy,Z
942 _2udc
_cBK
999 _c56035
_d56035